|
|
|
|
| LEADER |
00000naa2a2200000 4500 |
| 001 |
191685 |
| 005 |
20231101224353.0 |
| 035 |
|
|
|a (RuTPU)RU\TPU\book\209031
|
| 090 |
|
|
|a 191685
|
| 100 |
|
|
|a 20110209d2010 k y0rusy50 ca
|
| 101 |
0 |
|
|a rus
|
| 102 |
|
|
|a RU
|
| 200 |
1 |
|
|a Образ женщины-матери в годы Великой Отечественной войны
|f А. В. Трофимов
|
| 463 |
|
0 |
|0 (RuTPU)RU\TPU\book\194350
|t Наследники Победы
|o материалы открытой научно-практической конференции, посвященной 65-й годовщине Победы в Великой Отечественной войне, 10 марта, 2010 г. г. Томск
|f Томский политехнический университет (ТПУ); Томск, Администрация Кировского района
|v С. 118-120
|d 2010
|p 245 с.
|
| 600 |
|
1 |
|a Степанова
|b Е.
|c крестьянка
|c солдатская мать
|f 1882-1969
|g Епистинья
|2 stltpush
|3 (RuTPU)RU\TPU\pers\15317
|9 5273
|
| 610 |
1 |
|
|a женщина-мать
|
| 610 |
1 |
|
|a Великая Отечественная война
|
| 610 |
1 |
|
|a Мать-Героиня
|
| 610 |
1 |
|
|a труды учёных ТПУ
|
| 700 |
|
1 |
|a Трофимов
|b А. В.
|
| 801 |
|
1 |
|a RU
|b 63413507
|c 20110209
|
| 801 |
|
2 |
|a RU
|b 63413507
|c 20110209
|g RCR
|
| 942 |
|
|
|c BK
|